| 000 | 00657nam a2200205Ia 4500 | ||
|---|---|---|---|
| 005 | 20241216011256.0 | ||
| 008 | 190429s9999||||xx |||||||||||||| ||und|| | ||
| 082 |
_a622.28 _bN55 |
||
| 100 | _aNIEVES PADILLA NOVI | ||
| 245 | 0 |
_aAPLICACION DE SHOTCRETE PARA MEJORAR EL SOSTENIMIENTO EN LA ZONA II, NV. 1200 - U.E.A. CERRO DE PASCO DE VOLCAN CIA MINERA S.A.A. _bcontiene cd |
|
| 250 | _a0 | ||
| 260 |
_aCERRO DE PASCO-PERU _bUNDAC _c2009 |
||
| 300 |
_a139 pag. _c30 cm. |
||
| 341 | _h0 | ||
| 490 |
_v0 _a0 |
||
| 505 | _aASPECTOS/OPERACIONES UNITARIAS/SHOTCRETE | ||
| 541 |
_aD _bNIEVES PADILLA NOVI _d22-Jul-10 _oSoles |
||
| 650 | _aMinas | ||
| 942 | _cTESIS | ||
| 999 |
_c37438 _d37438 |
||